Hawaiian Island Colors and Flowers - Statistics

General Stats
  • This quiz has been taken 40 times
  • The average score is 10 of 16
Answer Stats
Description Answer % Correct
Moloka'i - Color Green
100%
Hawai'i - Color Red
100%
Lana'i - Color Orange
93%
O'ahu - Color Yellow
93%
Maui - Color Pink
85%
Kaua'i - Color Purple
85%
Ni'ihau - Color White
78%
Kaho'olawe - Color Gray
70%
Hawai'i - Flower Lehua Flower
41%
O'ahu - Flower 'Ilima Flower
37%
Moloka'i - Flower Kukui Nut Flower
37%
Kaho'olawe - Flower Hinahina Plant
33%
Kaua'i - Flower Mokihana Berry
30%
Ni'ihau - Flower White Pupu Shell
30%
Lana'i - Flower Kauna'oa Plant
26%
Maui - Flower Lokelani Rose
26%
No matching quizzes found
Score Distribution
Percent of People with Each Score
Percentile by Number Answered
Your Score History
You have not taken this quiz